History Quiz

Random History Quiz

Click a Reigning Monarch Quiz Stats

 Plays Quiz not verified by Sporcle

Challenge
Share
Tweet
Score 0/25 Timer 06:00
0 Plays Today
% Correct
Sovereign Pope Francis
of the Vatican City
96.2%
Queen Elizabeth II
of the United Kingdom
95.7%
Queen Margrethe II
of Denmark
92.2%
King Mswati III
of Swaziland
87.7%
Emperor Akihito of Japan
81.1%
King Willem-Alexander
of the Netherlands
65.7%
Emir Sheikh Sabah Al-Ahmad
Al-Jaber Al-Sabah of Kuwait
64.9%
King Salman bin Abdulaziz
Al Saud of Saudi Arabia
63.8%
King Letsie III of Lesotho
63.5%
King Jigme Khesar Namgyel
Wangchuck of Bhutan
61.2%
King Harald V of Norway
59%
King Felipe VI of Spain
57.6%
Emir Sheikh Tamim bin
Hamad Al Thani of Qatar
56.4%
% Correct
Prince Albert II of Monaco
55.4%
King Norodom Sihamoni
of Cambodia
54.8%
King Carl XVI Gustaf
of Sweden
53.1%
King Tupou VI of Tonga
52.4%
King Muhammad V
of Malaysia
52.2%
Grand Duke Henri
of Luxembourg
50%
Sultan Haji Hassanal
Bolkiah of Brunei
46.9%
King Mohammed VI
of Morocco
45.7%
Prince Hans-Adam II
of Liechtenstein
44.1%
King Philippe of Belgium
43.9%
King Abdullah II of Jordan
43.8%
Sultan Qaboos bin Said
Al Said of Oman
42%

You're not logged in!

Compare scores with friends on all Sporcle quizzes.
Join for Free
OR
Log In

You Might Also Like...

Show Comments

Extras

Top Quizzes Today


Score Distribution

Your Account Isn't Verified!

In order to create a playlist on Sporcle, you need to verify the email address you used during registration. Go to your Sporcle Settings to finish the process.

Report this User

Report this user for behavior that violates our Community Guidelines.

Details: